| 000 | 00835pam a2200265 i 4500 | ||
|---|---|---|---|
| 001 | 7969 | ||
| 003 | BD-RjUL | ||
| 005 | 20211208234514.0 | ||
| 008 | 140116s1976 ne b 001 0 eng d | ||
| 020 | _a0444110690 (American Elsevier) | ||
| 035 | _a(BD-RjUL)8013 | ||
| 040 |
_aDLC _cDLC _d(BD-RjUL) _beng |
||
| 041 | _aeng | ||
| 082 | 0 | 0 |
_a519.7 _bZOM |
| 100 | 1 |
_aZoutendijk, G. _924867 |
|
| 245 | 1 | 0 |
_aMathematical programming methods / _cG. Zoutendijk. |
| 260 |
_aAmsterdam : _bNorth Holland Pub. Co. ; _aNew York : _bsole distributors for the U.S.A. and Canada, American Elsevier Pub. Co., _c1976. |
||
| 300 |
_axiv, 500 p. ; _c23 cm. |
||
| 500 | _aIncludes index. | ||
| 504 | _aBibliography: p. [481]-496. | ||
| 650 | 0 |
_aProgramming (Mathematics) _924868 |
|
| 942 |
_2ddc _cBK |
||
| 999 |
_c7969 _d7969 |
||